Paroles No Lo Sé-Lacrim - Statistiques

Statistiques générales
  • Ce quiz a été pris 34 fois
  • Le résultat moyen est 139 sur 273
Statistiques - réponses
Réponse % Correct
no
96%
96%
se
96%
sé,
96%
de
85%
je
85%
Je
85%
lo
85%
à
74%
le
74%
Pas
74%
pas
74%
la
70%
besoin
67%
est
67%
Yo
67%
yo
67%
des
63%
en
63%
disparaîs
59%
d'savoir
59%
Et
59%
et
59%
Miami,
59%
par
59%
tu
59%
lumière
56%
mon
56%
non
56%
Qui
56%
Demain
52%
J'te
52%
Moi
52%
absolument
48%
comme
48%
con
48%
dans
48%
Dans
48%
Italie
48%
jouer
48%
on
48%
On
48%
Avant
44%
C'est
44%
c'est
44%
faire
44%
heure,
44%
Il
44%
j'dois
44%
miné
44%
Miné,
44%
plus
44%
plus,
44%
quitter
44%
tamisée
44%
Au
41%
cœur
41%
dit,
41%
dois
41%
d'un
41%
l'avais
41%
midi,
41%
midi
41%
milieu
41%
moins
41%
nuit
41%
pars
41%
peau
41%
p'tit
41%
Si
41%
vie
41%
commence
37%
d'une
37%
amour
33%
El
33%
Elle
33%
elle
33%
fois,
33%
Oui,
33%
porte
33%
Quand
33%
qu'un
33%
faut
30%
j'suis
30%
J't'évite
30%
mettre
30%
pourrait
30%
python
30%
sentiments
30%
tuer
30%
vois
30%
délivre
26%
j'me
26%
les
26%
m'protéger
26%
pénible
26%
que
26%
Que
26%
soir
26%
sur
26%
un
26%
j'la
22%
livre
22%
mythos
22%
n'faut
22%
plupart,
22%
terrible
22%
tes
22%
believe,
19%
dos
19%
formes,
19%
limites
19%
seul,
19%
beau
15%
dangereux
15%
lit,
15%
Même
15%
mimiques
15%
veut
15%
animaux
11%
l'dégât,
11%
m'imites
11%
v'là
11%
j'ai,
7%
mots
7%
poids
7%
tigre
7%
type
7%
encore
4%
griffures
4%
qu'j'hésite
4%
reste
4%
Souvenirs
4%
vautrer
4%
comprend
0%
qu'j'm'arrache
0%
radeau
0%
regard
0%
rêvait
0%
ténébreux
0%
Aucun quiz correspondant
Distribution des résultats
% des personnes avec chaque résultat
Percentile par nombre de réponses
Votre historique - résultats
Vous n’avez pas pris ce quiz